000
00321nam a22001337a 4500
020
_a
0 333 54669 5
041
_a
ENG
100
_a
Kordylas.J.M
245
_a
Processing and Presrvation of Tropical and Subtropical Foods
260
_a
Hong Kong
_b
ELBS
_c
1990
300
_a
414
650
_a
APE ( 02 )
856
_u
APE ( 02 )
999
_c
2815
_d
2815